Environmental engineering (Record no. 5357)

000 -LEADER
fixed length control field 00678nam a2200241 4500
001 - CONTROL NUMBER
control field 5357
003 - CONTROL NUMBER IDENTIFIER
control field BD-DhUET
008 - FIXED-LENGTH DATA ELEMENTS--GENERAL INFORMATION
fixed length control field 141126b xxu||||| |||| 00| 0 eng d
020 ## - INTERNATIONAL STANDARD BOOK NUMBER
International Standard Book Number 0071002316
040 ## - CATALOGING SOURCE
Transcribing agency 0
Modifying agency BD-DhUET
082 ## - DEWEY DECIMAL CLASSIFICATION NUMBER
Classification number 628
Item number PEA/1985
100 ## - MAIN ENTRY--PERSONAL NAME
Personal name Peavy, Howard S
245 ## - TITLE STATEMENT
Title Environmental engineering
250 ## - EDITION STATEMENT
Edition statement 1st ed.
260 ## - PUBLICATION, DISTRIBUTION, ETC. (IMPRINT)
Place of publication, distribution, etc. New york
Name of publisher, distributor, etc. McGraw-Hill
Date of publication, distribution, etc. 1985
300 ## - PHYSICAL DESCRIPTION
Extent xiv,699 p.+various paging
Other physical details ill.
490 ## - SERIES STATEMENT
Series statement McGraw-Hill series in water resources and environmental engineering
504 ## - BIBLIOGRAPHY, ETC. NOTE
Bibliography, etc Includes bibliographies
650 #0 - SUBJECT ADDED ENTRY--TOPICAL TERM
Topical term or geographic name as entry element Environmental engineering
700 ## - ADDED ENTRY--PERSONAL NAME
Personal name Rowe, Donald R.
700 ## - ADDED ENTRY--PERSONAL NAME
Personal name Tchobanoglous, George
942 ## - ADDED ENTRY ELEMENTS (KOHA)
Koha item type General Book
Holdings
Copy number Piece designation (barcode) Koha full call number Koha issues (times borrowed) Koha item type Price effective from Shelving location Withdrawn status Date acquired Koha normalized classification for sorting Damaged status Koha renewals Koha date last borrowed Koha date last seen Location (home branch) Not for loan Lost status Source of classification or shelving scheme Sublocation or collection (holding branch)
181896628/PEA/19859General Book2014-11-26Circulation section 2014-11-26628PEA1985  2023-12-102024-09-08Central Library, BUET   Central Library, BUET
281895628/PEA/198510General Book2014-11-26Circulation section 2014-11-26628PEA1985  2024-03-162024-06-02Central Library, BUET   Central Library, BUET
388788628/PEA/1985 Reading Item2015-06-18Reading section 2015-06-18628_000000000000000_PEA_1985   2015-06-18Central Library, BUET   Central Library, BUET
487579628/PEA/1985 Reading Item2015-06-18Reading section 2015-06-18628_000000000000000_PEA_1985   2015-06-18Central Library, BUET   Central Library, BUET
581894628/PEA/19852General Book2017-10-31Circulation section 1991-10-28628_000000000000000_PEA_1985  2020-03-162021-11-13Central Library, BUET   Central Library, BUET
ক-৫১81847628 PEA/1985 Rental Item2024-12-01Rental section 1991-10-28628_000000000000000_PEA_1985   2024-12-01Central Library, BUET   Central Library, BUET
ক-৭৮81874628 PEA/1985 Rental Item2024-12-01Rental section 1991-10-28628_000000000000000_PEA_1985   2024-12-01Central Library, BUET   Central Library, BUET
ক-৭৯81875628 PEA/1985 Rental Item2024-12-01Rental section 1991-10-28628_000000000000000_PEA_1985   2024-12-01Central Library, BUET   Central Library, BUET
ক-৮০81876628 PEA/1985 Rental Item2024-12-01Rental section 1991-10-28628_000000000000000_PEA_1985   2024-12-01Central Library, BUET   Central Library, BUET
ক-৮১81877628 PEA/1985 Rental Item2024-12-01Rental section 1991-10-28628_000000000000000_PEA_1985   2024-12-01Central Library, BUET   Central Library, BUET
ক-৮২81878628 PEA/1985 Rental Item2024-12-01Rental section 1991-10-28628_000000000000000_PEA_1985   2024-12-01Central Library, BUET   Central Library, BUET
ক-৮৩81879628 PEA/1985 Rental Item2024-12-01Rental section 1991-10-28628_000000000000000_PEA_1985   2024-12-01Central Library, BUET   Central Library, BUET
ক-৮৪81880628 PEA/1985 Rental Item2024-12-01Rental section 1991-10-28628_000000000000000_PEA_1985   2024-12-01Central Library, BUET   Central Library, BUET
ক-৮৫81881628 PEA/1985 Rental Item2024-12-01Rental section 1991-10-28628_000000000000000_PEA_1985   2024-12-01Central Library, BUET   Central Library, BUET
ক-৮৬81882628 PEA/1985 Rental Item2024-12-01Rental section 1991-10-28628_000000000000000_PEA_1985   2024-12-01Central Library, BUET   Central Library, BUET
ক-৮৭81883628 PEA/1985 Rental Item2024-12-01Rental section 1991-10-28628_000000000000000_PEA_1985   2024-12-01Central Library, BUET   Central Library, BUET
ক-৮৭81884628 PEA/1985 Rental Item2024-12-01Rental section 1991-10-28628_000000000000000_PEA_1985   2024-12-01Central Library, BUET   Central Library, BUET